000 00570nam a2200205Ia 4500
005 20250508165150.0
008 008 250505s9999 xx 000 0 eng d
037 _aTextual
040 _aFEDL
_beng
_cFEDL
041 _aeng
_2eng
084 _a547, SYK
_qFEDL
100 _aSykes Peter
_9504183
245 0 _aGuidebook to mechanism in organic chemistry
260 _aHyderabad, India
_bOrient Longman Private Limited
_c2002
300 _axii,416p.
365 _aINR
_b175
546 _aRSPEE
942 _cTEXL
_h547, SYK
999 _c1393534
_d1393534